Normal view
MARC view
Entry Personal Name
001 - CONTROL NUMBER
- control field: 167757
003 - CONTROL NUMBER IDENTIFIER
- control field: OSt
005 - DATE AND TIME OF LATEST TRANSACTION
- control field: 20220923224034.0
008 - FIXED-LENGTH DATA ELEMENTS
- fixed length control field: 220923|| aca||aabn | a|a d
040 ## - CATALOGING SOURCE
- Original cataloging agency: OSt
- Transcribing agency: OSt
100 ## - HEADING--PERSONAL NAME
- Personal name: बुल्के, फ़ादर कामिल; दिनेशवर प्रसाद, संपा
670 ## - SOURCE DATA FOUND
- Source citation: Work cat.: (OSt)368795: बुल्के, फ़ादर कामिल; दिनेशवर प्रसाद, संपा., एक ईसाई की आस्था रामकथा और हिन्दी, 2005
